[Event "Africa zt 4.2 op"]
[Site "Lagos"]
[Date "2025.04.08"]
[Round "9"]
[White "Obioma, Onuoha"]
[Black "Abdulraheem, Abdulrahman Akintoy"]
[Result "0-1"]
[WhiteElo "2001"]
[BlackElo "2290"]
[PlyCount "58"]
[EventDate "2025.04.01"]
[EventType "swiss"]
[EventRounds "9"]
[EventCountry "NGR"]
[SourceTitle "CB15_2025"]
[SourceDate "2025.04.09"]
[SourceVersion "1"]
[SourceVersionDate "2025.04.09"]
[SourceQuality "1"]

1. e4 c5 2. Nf3 Nc6 3. d4 cxd4 4. Nxd4 g6 5. Be3 Bg7 6. Qd2 Nf6 7. f3 0-0 8. Nc3 d5 9. Nxc6 bxc6 10. e5 Nd7 11. f4 e6 12. h4 c5 13. Nb5 f6 14. h5 fxe5 15. hxg6 exf4 16. Bxf4 Qf6 17. Bh6 Qxb2 18. gxh7+ Kh8 19. Bxg7+ Qxg7 20. Rb1 Rb8 21. c3 Qg3+ 22. Kd1 Rf2 23. Qh6 Ne5 24. Rb2 Bd7 25. Be2 Nc4 26. Bxc4 Rxb2 27. Kc1 Rf2 28. Be2 Bxb5 29. Bf3 Qe5 0-1

[Event "Africa zt 4.2 op"]
[Site "Lagos"]
[Date "2025.04.03"]
[Round "4"]
[White "Obioma, Onuoha"]
[Black "Anhwere, Benard"]
[Result "1/2-1/2"]
[WhiteElo "2001"]
[BlackElo "1906"]
[PlyCount "134"]
[EventDate "2025.04.01"]
[EventType "swiss"]
[EventRounds "9"]
[EventCountry "NGR"]
[SourceTitle "CB15_2025"]
[SourceDate "2025.04.09"]
[SourceVersion "1"]
[SourceVersionDate "2025.04.09"]
[SourceQuality "1"]

1. e4 c5 2. Nf3 d6 3. d4 cxd4 4. Nxd4 Nf6 5. Bd3 Nc6 6. Nb3 e5 7. 0-0 Be7 8. a4 Be6 9. c4 Rc8 10. Nc3 Nb4 11. Nd5 Bxd5 12. cxd5 0-0 13. Be3 Nxd3 14. Qxd3 a6 15. h3 Qd7 16. f4 exf4 17. Rxf4 Qc7 18. Rc1 Qd7 19. Rcf1 Nh5 20. Rg4 Nf6 21. Rxg7+ Kxg7 22. Bd4 Rg8 23. Qf3 Qd8 24. e5 dxe5 25. Bxe5 Kf8 26. d6 Bxd6 27. Bxf6 Be7 28. Bd4 f6 29. Bc3 Rg6 30. Kh1 Rc4 31. Rd1 Qc7 32. Nd4 Qg3 33. Qxg3 Rxg3 34. Nf5 Rg5 35. Rf1 Bd8 36. a5 Re4 37. Nd4 Kf7 38. b4 Bc7 39. Nf5 Be5 40. Bd2 Rg6 41. Nh6+ Rxh6 42. Bxh6 Rxb4 43. Be3 Ra4 44. Bb6 Ke6 45. Bd8 Ra1 46. Rxa1 Bxa1 47. g4 Kd7 48. Bb6 Be5 49. Kg2 Bc7 50. Bd4 Bxa5 51. Bxf6 Ke6 52. Bb2 Bc7 53. Kf3 Be5 54. Bc1 Kd5 55. h4 a5 56. g5 b5 57. Ke3 Bg3 58. h5 Be5 59. Kd3 a4 60. Ba3 Bf4 61. g6 hxg6 62. hxg6 Bh6 63. Kc3 Ke6 64. Kb4 Bf8+ 65. Kxb5 Bxa3 66. Kxa4 Kf6 67. Kxa3 Kxg6 1/2-1/2

[Event "Africa zt 4.2 op"]
[Site "Lagos"]
[Date "2025.04.03"]
[Round "3"]
[White "Okemakinde, Toluwanimi"]
[Black "Obioma, Onuoha"]
[Result "1-0"]
[WhiteElo "2180"]
[BlackElo "2001"]
[PlyCount "95"]
[EventDate "2025.04.01"]
[EventType "swiss"]
[EventRounds "9"]
[EventCountry "NGR"]
[SourceTitle "CB15_2025"]
[SourceDate "2025.04.09"]
[SourceVersion "1"]
[SourceVersionDate "2025.04.09"]
[SourceQuality "1"]

1. e4 e5 2. Nf3 Nf6 3. Nxe5 d6 4. Nf3 Nxe4 5. d4 d5 6. Bd3 Bd6 7. 0-0 0-0 8. c4 c6 9. Nc3 Nxc3 10. bxc3 dxc4 11. Bxc4 Bg4 12. Qd3 Nd7 13. Ng5 Nf6 14. h3 Bd7 15. Re1 h6 16. Nf3 Re8 17. Bxh6 Nd5 18. Rxe8+ Qxe8 19. Re1 Qc8 20. Bd2 Bf5 21. Qe2 a6 22. Bd3 b5 23. Nh4 Bxd3 24. Qxd3 g6 25. Nxg6 Qd8 26. Ne5 Qf6 27. Re4 Bxe5 28. Rxe5 Nf4 29. Bxf4 Qxf4 30. Re4 Qh6 31. Qg3+ Kf8 32. Rg4 Rd8 33. Rg8+ Ke7 34. Qc7+ Rd7 35. Qe5+ Qe6 36. Qxe6+ Kxe6 37. Ra8 Kd5 38. Rxa6 Rc7 39. a4 b4 40. cxb4 Kxd4 41. Kh2 Kd5 42. Rb6 Re7 43. a5 Re2 44. Kg3 Ra2 45. h4 Ra4 46. h5 Ra3+ 47. f3 Ra1 48. Kf4 1-0

[Event "Africa zt 4.2 op"]
[Site "Lagos"]
[Date "2025.04.02"]
[Round "2"]
[White "Obioma, Onuoha"]
[Black "Balogun, Oluwafemi Daniel"]
[Result "1/2-1/2"]
[WhiteElo "2001"]
[BlackElo "2246"]
[PlyCount "183"]
[EventDate "2025.04.01"]
[EventType "swiss"]
[EventRounds "9"]
[EventCountry "NGR"]
[SourceTitle "CB15_2025"]
[SourceDate "2025.04.09"]
[SourceVersion "1"]
[SourceVersionDate "2025.04.09"]
[SourceQuality "1"]

1. e4 c5 2. Nf3 Nc6 3. d4 cxd4 4. Nxd4 Nf6 5. Nc3 e5 6. Nb3 Bb4 7. Bc4 0-0 8. Qd3 d6 9. Bg5 h6 10. Bh4 Bxc3+ 11. bxc3 Qe7 12. Rd1 Rd8 13. 0-0 g5 14. Bg3 Be6 15. Bd5 Rac8 16. h4 Kg7 17. Nd2 Nh5 18. Qf3 Kg6 19. Nc4 Qf6 20. Bxe6 Qxe6 21. Qf5+ Qxf5 22. exf5+ Kf6 23. Nxd6 Rc7 24. Rd5 Ke7 25. Rfd1 Nf6 26. R5d3 Rcd7 27. Nc4 Rxd3 28. cxd3 Rd5 29. hxg5 hxg5 30. Re1 Nd7 31. d4 f6 32. f4 gxf4 33. Bxf4 Kf7 34. dxe5 fxe5 35. Bg5 b5 36. Ne3 Rc5 37. Rd1 Nb6 38. g4 Rxc3 39. Rd6 Nd4 40. Bh6 Rc6 41. Rxc6 Nxc6 42. g5 Ne7 43. g6+ Kf6 44. Bf8 Ng8 45. Bc5 Nc4 46. Nxc4 bxc4 47. Bxa7 Kxf5 48. Kf2 Kxg6 49. Bb8 Kf5 50. Ke3 Ne7 51. a4 Nc6 52. Bc7 Nb4 53. Ba5 Nd5+ 54. Kd2 e4 55. Bd8 e3+ 56. Kc2 Ke4 57. a5 Kd4 58. Bb6+ Ke4 59. Bd8 e2 60. Bh4 Ke3 61. a6 Nb4+ 62. Kc3 Nxa6 63. Kxc4 Kd2 64. Bg3 Kd1 65. Bh4 Nc7 66. Kd3 Ne6 67. Ke3 Ng7 68. Kf4 Kd2 69. Ke4 Ne6 70. Bg3 Ng5+ 71. Kf4 Nh3+ 72. Kf3 Kd1 73. Bh4 Ng5+ 74. Ke3 Nf7 75. Ke4 Kd2 76. Kf4 Nd6 77. Bf2 Nc4 78. Bh4 Ne3 79. Kf3 Nf1 80. Bf2 Kd1 81. Bh4 Kd2 82. Bf2 Kd3 83. Be1 Ne3 84. Bh4 Kd2 85. Ke4 Ng2 86. Bf2 Kd1 87. Bg3 Ne1 88. Bh4 Kd2 89. Bg5+ Kc2 90. Bh4 Ng2 91. Kf3 e1Q 92. Bxe1 1/2-1/2

[Event "Hastings Masters op 97th"]
[Site "Hastings"]
[Date "2024.01.03"]
[Round "7"]
[White "Han, Qixiang"]
[Black "Obioma, Onuoha"]
[Result "0-1"]
[WhiteElo "1711"]
[BlackElo "1995"]
[PlyCount "92"]
[EventDate "2023.12.28"]
[EventType "swiss"]
[EventRounds "9"]
[EventCountry "ENG"]
[SourceTitle "CBM 218 Extra"]
[Source "ChessBase"]
[SourceDate "2024.03.31"]
[SourceVersion "1"]
[SourceVersionDate "2024.03.31"]
[SourceQuality "1"]

1. d4 d5 2. c4 e6 3. g3 f5 4. Bg2 Nf6 5. Nf3 c6 6. 0-0 Bd6 7. Qc2 0-0 8. Nc3 Qe8 9. b3 Qh5 10. h3 Ne4 11. Bb2 Nd7 12. Nd1 f4 13. g4 Qh6 14. a4 Ndf6 15. Ba3 Bxa3 16. Rxa3 Ng5 17. Nxg5 Qxg5 18. b4 Bd7 19. Qc1 h5 20. f3 dxc4 21. Qxc4 Nd5 22. Qb3 Rae8 23. e4 fxe3 24. Nxe3 Nf4 25. Ra2 Rf6 26. Nc4 Qh4 27. Nd6 Ref8 28. Nf5 Rxf5 29. gxf5 Rxf5 30. Qb1 Rg5 31. Kh1 Rg3 32. Rff2 c5 33. b5 cxd4 34. Qe4 e5 35. Qb1 Be6 36. Rad2 Bd5 37. Qf5 Nxg2 38. Qc8+ Kh7 39. Qc2+ Kh6 40. Qf5 Ne3 41. Qb1 Qxh3+ 42. Rh2 Bxf3+ 43. Rdg2 Bxg2+ 44. Kg1 Be4+ 45. Kf2 Qxh2+ 46. Ke1 Rg1# 0-1

[Event "London Classic rapid op 7th"]
[Site "London"]
[Date "2015.12.12"]
[Round "2"]
[White "Obioma, Onuoha"]
[Black "Pert, Nicholas"]
[Result "1/2-1/2"]
[WhiteElo "2165"]
[BlackElo "2569"]
[PlyCount "120"]
[EventDate "2015.12.12"]
[EventType "swiss (rapid)"]
[EventRounds "10"]
[EventCountry "ENG"]
[SourceTitle "CBM 169 Extra"]
[Source "ChessBase"]
[SourceDate "2015.12.18"]
[SourceVersion "1"]
[SourceVersionDate "2015.12.18"]
[SourceQuality "1"]

1. e4 e6 2. d4 d5 3. exd5 exd5 4. Nf3 Nc6 5. Bd3 Bd6 6. 0-0 Nge7 7. h3 Bf5 8. Re1 Qd7 9. Ne5 Nxe5 10. dxe5 Bc5 11. Qf3 0-0-0 12. Nc3 Be6 13. a4 h6 14. a5 a6 15. Na4 Ba7 16. b4 g5 17. Qe2 g4 18. b5 axb5 19. Bxb5 Nc6 20. a6 Kb8 21. Rb1 Nd4 22. Bxd7 Nxe2+ 23. Rxe2 Bxd7 24. Rxb7+ Ka8 25. Nc3 Bc8 26. Rxc7 Bxa6 27. Rd2 g3 28. Rxf7 gxf2+ 29. Rdxf2 Rhe8 30. Bf4 Bb7 31. Nb5 Bxf2+ 32. Kxf2 Rg8 33. Nc7+ Ka7 34. e6 d4 35. g3 Kb6 36. e7 Rc8 37. Rf6+ Kc5 38. e8Q Rgxe8 39. Nxe8 Rxe8 40. Rxh6 Be4 41. Rh5+ Kc4 42. Re5 Rxe5 43. Bxe5 Bxc2 44. Ke1 Kd5 45. Bf4 Ke4 46. Kd2 Ba4 47. h4 Be8 48. Bc7 Bh5 49. Bb6 d3 50. Bc7 Bg4 51. Bf4 Bf3 52. Kc3 Bg4 53. Kc4 Bh5 54. Kc5 Kf3 55. Kd5 d2 56. Bxd2 Kxg3 57. Bg5 Kg4 58. Ke6 Be8 59. Kf6 Kh5 60. Kg7 Ba4 1/2-1/2

[Event "London Classic op 7th"]
[Site "London"]
[Date "2015.12.05"]
[Round "2"]
[White "Martins, David Pires Tavares"]
[Black "Obioma, Onuoha"]
[Result "1-0"]
[WhiteElo "2372"]
[BlackElo "2165"]
[PlyCount "117"]
[EventDate "2015.12.04"]
[EventType "swiss"]
[EventRounds "9"]
[EventCountry "ENG"]
[SourceTitle "CBM 169 Extra"]
[Source "ChessBase"]
[SourceDate "2015.12.18"]
[SourceVersion "1"]
[SourceVersionDate "2015.12.18"]
[SourceQuality "1"]

1. Nf3 d5 2. g3 e6 3. Bg2 f5 4. 0-0 Nf6 5. c4 c6 6. d3 Be7 7. Nc3 0-0 8. b3 d4 9. Nb1 c5 10. e3 dxe3 11. fxe3 Nc6 12. Bb2 Ng4 13. Qe2 Bf6 14. Nc3 Nge5 15. Rfd1 Nxf3+ 16. Bxf3 Ne5 17. Bg2 Ng4 18. Na4 Bg5 19. Bc1 Qf6 20. d4 Qh6 21. h3 Bxe3+ 22. Bxe3 Nxe3 23. Nxc5 Nxd1 24. Rxd1 f4 25. gxf4 Rxf4 26. d5 Rf8 27. d6 Qg5 28. b4 b6 29. h4 Qxh4 30. Bxa8 bxc5 31. Bg2 Bd7 32. bxc5 Qg5 33. Qd2 Qxc5+ 34. Qd4 Qxd4+ 35. Rxd4 Rc8 36. Kf2 Rc5 37. Ke3 Ra5 38. Rd2 Kf7 39. Rf2+ Ke8 40. Rb2 g6 41. Rb8+ Kf7 42. Rb7 Ke8 43. Rb8+ Kf7 44. Rd8 Be8 45. d7 Bxd7 46. Rxd7+ Kf6 47. Kd4 Rxa2 48. Be4 Rd2+ 49. Bd3 h5 50. c5 Ra2 51. c6 e5+ 52. Kc3 e4 53. Bxe4 Ra5 54. c7 Rc5+ 55. Kd4 Ke6 56. Rg7 Rc1 57. Bc6 Rxc6 58. Rxg6+ Kd7 59. Rxc6 1-0